000 01034nam1a22002891i 4500
001 RU\INFOCOMM_322\5000054879
005 20240724161517.0
035 _a(NLR Aleph) 009495022
090 _a8671826
_c8671826
100 _a20121113g19661969|||y0rusy50 ba
101 0 _aeng
102 _aRU
105 _ay z |||||
200 1 _aOxford progressive English for adult learners
_fBy A. S. Hornby
205 _a[Reprint.]
210 _a[M.
_d1966-1969]
215 _a3 т.
_d19 см
300 _aПерепечатка. На тит. л.: London, Oxford univ. press
455 0 _12001#$aOxford progressive English for adult learners
_1210##$aLondon$cOxford univ. press$ds. a.
_1700#1$aHornby$bA. S.$gAlbert Sydney$4070
_tOxford progressive English for adult learners
_aHornby, Albert Sydney
620 _aМосква
686 _aЯ270-1260
_2rubbk
686 _aЯ270-1600
_2rubbk
700 1 _aHornby
_bA. S.
_gAlbert Sydney
801 1 _aRU
_bNLR
_c20121113
801 0 _aRU
_bINFOCOMM
_gPSBO
852 _aNLR
_jЯ61 Г-3/435
942 _cBOOK